00557nam a2200181 a 45000010010000000030011000100080041000210350026000620820012000881000023001002450032001232600044001556500014001999420012002139520098002259980037003239990015003600000-9140ELIB.Books110520 1974  a(ELIB.Books)0000-9292 aR bUng aUnger, Merrillf F. aUnger's Survey of the Bible bOregon: Harvest House Publishers c1974 aReference 2ddccBK 00102ddc4070aKBTSbKBTSd2011-05-20l0p25001, 12059r2022-01-22 00:00:00w2022-01-22yBK cbate2011-05-20mcatu2019-06-03 c9140d9140